• 首页
  • 本馆介绍
  • 公告通知
  • 最新文献
  • 馆藏检索
  • 电子资源
  • 读者导购
  • 参考咨询
  • 我的图书馆
  • 登录
  • 详细信息显示
  • 放入我的书架
  • 预约/预借图书
  • 作者相关作品
  • 分类相关作品
  • 丛书相关作品
  • 出版社相关作品

书目信息

  • 表格格式
  • 工作单格式
  • 卡片格式
题名:
博物学家的传世名作
    
 
作者: 马吉 编 ;吴宝俊 , 舒庆艳 译
分册:  
出版信息: 北京   化学工业出版社  2020.05
页数: 293页
开本: 25cm
丛书名:
单 册:
中图分类: N285.61
科图分类:
主题词: 自然历史博物馆--zi ran li shi bo wu guan--馆藏--介绍--英国
电子资源:
ISBN: 978-7-122-31777-3
000 01715nam0 2200313 450
001 0109110216
005 20201109110339.0
010    @a978-7-122-31777-3@dCNY138.00
100    @a20181129d2020 em y0chiy50 ea
101 1  @achi@ceng
102    @aCN@b110000
105    @aa z 001yy
106    @ar
200 1  @a博物学家的传世名作@Abo wu xue jia de chuan shi ming zuo@e来自伦敦自然博物馆的博物志典藏@f(英)朱迪思·马吉(Judith Magee)编@g吴宝俊,舒庆艳译
210    @a北京@c化学工业出版社@d2020.05
215    @a293页@c图@d25cm
305    @a由The Natural History Museum, London授权化学工业出版社独家出版发行
314    @a朱迪思·马吉(JudithMagee),伦敦自然博物馆图书及档案馆特殊藏品负责人。
314    @a吴宝俊,理论物理博士,中国科学院大学科普策划人,科普作家,青年科学家社会责任联盟理事,腾讯科普专家委员,北京人民广播电台特邀科普评论人,央视科普节目《加油向未来》第二季、第三季科学策划。
314    @a舒庆艳,植物学博士,中国科学院植物研究所副研究员,主持国家自然科学基金项目3项,《小牛顿》科普图书植物分册审稿人,普节目《加油向未来》植物和动物领域撰稿人。
330    @a本书为英国自然历史博物馆馆藏汇编文集,依据科学价值和艺术价值特别挑选了馆内最为珍贵的31部书籍,每本书籍都附有由知名作家、博物馆科学家、博物馆图书管理员们就各自特定专业知识领域撰写的文章,解释其在博物学发展进程中所扮演的角色。
517 1  @a来自伦敦自然博物馆的博物志典藏@Alai zi lun dun zi ran bo wu guan de bo wu zhi dian cang
606 0  @a自然历史博物馆@Azi ran li shi bo wu guan@x馆藏@x介绍@y英国
690    @aN285.61@v5
701  0 @a马吉@Ama ji@4编@c(英)@c(Magee, Judith)
702  0 @a吴宝俊@Awu bao jun@4译
702  0 @a舒庆艳@Ashu qing yan@4译
801  0 @aCN@bBJSZM@c20201103
905    @b1240756-8@dN285.61@e148@f3
    
    博物学家的传世名作:来自伦敦自然博物馆的博物志典藏/(英)朱迪思·马吉(Judith Magee)编/吴宝俊,舒庆艳译.-北京:化学工业出版社,2020.05
    293页:图;25cm
    
    
    ISBN 978-7-122-31777-3:CNY138.00
    本书为英国自然历史博物馆馆藏汇编文集,依据科学价值和艺术价值特别挑选了馆内最为珍贵的31部书籍,每本书籍都附有由知名作家、博物馆科学家、博物馆图书管理员们就各自特定专业知识领域撰写的文章,解释其在博物学发展进程中所扮演的角色。
●
相关链接 在E读中查询图书 在五车中查询图书 在当当中查询图书 在豆瓣中查询图书


正题名:博物学家的传世名作     索取号:N285.61/148         预约/预借

序号 登录号 条形码 馆藏地/架位号 状态 备注
1 1240756   212407563   第二样本阅览室/ [索取号:N285.61/148] 在馆    
2 1240757   212407572   第三借阅区/ [索取号:N285.61/148] 在馆    
3 1240758   212407581   第三借阅区/ [索取号:N285.61/148] 在馆    
唐山师范学院图书馆 欢迎您!
大连网信软件有限公司© 版权所有